Theory in anthropology : a sourcebook

Αποθηκεύτηκε σε:
Λεπτομέρειες βιβλιογραφικής εγγραφής
Άλλοι συγγραφείς: Manners, Robert A. (Robert Alan), 1913-1996 (Επιμελητής έκδοσης), Kaplan, David (Επιμελητής έκδοσης)
Μορφή: Βιβλίο
Γλώσσα:English
Δημοσίευση: London : Routledge & Kegan Paul, 1968
Θέματα:
Ετικέτες: Προσθήκη ετικέτας
Δεν υπάρχουν, Καταχωρήστε ετικέτα πρώτοι!

MARC

LEADER 00000cam a2200000 i 4500
001 1/24641
008 060217s1968 eng d
020 |a 7100-6172-2 
035 |l 10082717 
040 |a GR-MY-UA  |b gre  |e aacr 
041 0 |a eng 
082 0 |a 306.01 
245 1 0 |a Theory in anthropology :  |b a sourcebook /  |c edited by Robert A. Manners and David Kaplan 
260 |a London :   |b Routledge & Kegan Paul,   |c 1968 
300 |a 578 σ.;  |c 25 εκ. 
504 |a Περιέχει βιβλιογραφία (σ. 559-578) 
650 0 0 |a Anthropology. 
650 0 0 |a Ethnology. 
700 1 |a Manners, Robert A.   |q (Robert Alan),   |d 1913-1996.  |4 edt 
700 1 |a Kaplan, David.  |4 edt 
852 |a INST  |b LESVOS  |e 20060217  |h 306.01 THE  |p 005100034551  |q 005100034551  |t BK  |y 0 
901 |a BIBL1-2006-1 
909 |a Λ  |b 125926 
970 |a ΚΑΡΑ  |b ΓΙΑΣΕΜΗ  |z 2006/02/17